01302nam a2200313Ia 4500001000900000003000500009005001700014008004100031010001100072040000900083082002100092110004200113245020500155260004500360300001000405503000700415504002600422650003500448650007200483650006000555650003300615710010400648901002100752902000600773905006300779942001500842999001900857952011200876dia_6154CHAP20251023153245.0220117s1974 xx 000 0 und d a176061 cCHAP a664.902 P67 1974 aMéxico. Nacional Financiera9147598 aPosibilidades de inversión en la rama industrial de preparación, conservación, empacado y enlatado de carnes /c Fideicomiso del Fondo de Garantía y Fomento a la Industria Mediana y Pequeña aMéxico :b Nacional Financiera,c1974 a97 h. aD. aBibliografía: h. 97 aCarnexPreservación 919107 0aIndustria del ganado y de la carnexInversiónzMéxico 9157784 0aLivestock and meat industryxInvestmentzMexico9157785 aMeatxPreservation 9150954 aFideicomiso del Fondo de Garantía y Fomento a la Industria Mediana y Pequeña (México)9157786 a664.902 P67 1974 aA a5232271974 mx eimn8225223322spa16 cLIBRO2ddc c176061d176061 00102ddc40708GRALaIA_bIA_c1d2022-01-18f1l0pdia_009992r2022-01-18 00:00:00t1w2022-01-18yLIBRO